00639nam a22002177a 450000500170000001000150001702000270003203500140005903700130007308200120008610000210009824500860011926000560020527000420026130000210030350000240032470000210034870000150036970000170038470000200040120191122102222.0 aENG-126969 a9788181715296c5330.00 aEN-110501 bDBAD/PUB a591.954 aChandra, Kailash aFaunal diversity of mangrove ecosystem in India /cby Kailash Chandra ... [et al] aKolkatabDirector, Zoological Survey of Indiac2019 aM-Block, KolkatabNew Aliporee700053 a735p.c23cm(pbk) aIncludes references aChandra, Kailash aGopi, K.C. aMishra, S.S. aRaghunathan, C.